| 000 | 00769nam a2200193 a 4500 | ||
|---|---|---|---|
| 001 | 000041158 | ||
| 005 | 20201002034651.0 | ||
| 008 | 130920s1987 sp r 000 0 spa d | ||
| 040 |
_aDO-SdBNP _bspa _cBNPHU |
||
| 082 |
_axxxx _bxxxx |
||
| 100 | 1 |
_aCalderon Quijano, Jose Antonio _915455 |
|
| 245 | 1 | 3 |
_aEl americanismo en sevilla 1900-1980 / _cJosé Antonio Calderón Quijano ; prólogo Antonio Muro Orejón. |
| 260 |
_aSevilla : _bEscuela de Estudios Hispano-Americanos, _c1987. |
||
| 300 |
_aCXXXII, 375 p. ; _c24 cm. |
||
| 590 | _aInventariado, 2019/BT | ||
| 700 | 1 |
_aMuro Orejón, Antonio, _eprol. _964027 |
|
| 710 | 2 |
_aEscuela de Estudios Hispano-Americanos (Sevilla, Andalusia) _967707 |
|
| 710 | 2 |
_aConsejo Superior de Investigaciones Científicas (España) _915178 |
|
| 999 |
_c40648 _d40648 |
||